000 00749nam 22002293 4500
001 197809
010 _a978-989-853-646-8
021 _b545091/25
_aPT
090 _a197809
100 _a20250910d u||y0pory50 ba
101 _apor
200 _aCasa de barcos
_fJon Fosse
_gtradução do norueguês Liliete Martins
205 _a
210 _aLisboa
_cCavalo de Ferro
_d2025
215 _a139 p.
_cbrochado
_d23 cm
606 _94695
_aLiteratura Juvenil Norueguesa
606 _915901
_aLiteraturas em línguas germânicas do norte, nórdicas (escandinavas)
675 _a821.113.5-3
_vPT
_zpor
700 _94837
_aFosse
_bJon
_f1959-
801 _aPT
_bBMMN
_gRPC
830 _cFernando e Carlos Pinto
_fFernando e Carlos Pinto
_j29-10-2025
990 _cLIVROS